Logo BPK

Biblioteka

Politechniki Koszalińskiej

Fundamentos de la Electronica y Tecnica de Semiconductores / (Rekord nr 26501)

Szczegóły MARC
000 -ETYKIETA REKORDU
podpole kontrolne o stałej długości 00344nam a2200133 i 4500
001 - NUMER KONTROLNY REKORDU
pole kontrolne bg
040 ## - ŹRÓDŁO KATALOGOWANIA
Instytucja, która utworzyła rekord BPK
041 ## - KOD JĘZYKA
Kod języka tekstu pol
008 - POLE O STAŁEJ DŁUGOŚCI - DANE KONTROLNE
podpole kontrolne o stałej długości s pl f |000 0 pol
100 1# - NAZWA OSOBOWA
Nazwa osobowa VINOGRADOV, Ju. V.
245 #0 - TYTUŁ/ODPOWIEDZIALNOŚĆ
Tytuł Fundamentos de la Electronica y Tecnica de Semiconductores /
Pozostałe elementy strefy tytułu i oznaczenia odpowiedzialności Ju.V. Vinogradov.
260 ## - STREFA ADRESU WYDAWNICZEGO
Miejsce wydania Moskva,
Data publikacji, dystrybucji/powstania dokumentu 1974.
856 ## - LOKALIZACJA I DOSTĘP DO ELEKTRONICZNYCH DOKUMENTÓW ZDALNYCH
Link (URL) http://koha.tu.koszalin.pl/cgi-bin/koha/opac-detail.pl?biblionumber=26501
Tekst linku Katalog online BPK
942 ## - DODATKOWE ELEMENTY (KOHA)
Typ dokumentu Książka
Egzemplarze
Wycofany Status egzemplarza Uszkodzony Dostępność Lokalizacja stała Lokalizacja bieżąca Miejsce przechowywania Sygnatura Kod kreskowy Typ dokumentu Numer ubytku
      Dostępny Biblioteka Politechniki Koszalińskiej Biblioteka Politechniki Koszalińskiej Wypożyczalnia BG 17899 01715590 Książka  
  Egz. niedostępny   Niedostępny Biblioteka Politechniki Koszalińskiej Biblioteka Politechniki Koszalińskiej   17900 01715606 Książka 11737
© 2023 Biblioteka Politechniki Koszalińskiej :: KOHA